A short history of religions / (Record no. 25447)

MARC details
000 -LEADER
fixed length control field 00797cam a2200265 4500
001 - CONTROL NUMBER
control field 2185275
003 - CONTROL NUMBER IDENTIFIER
control field BDDh-ASL
005 - DATE AND TIME OF LATEST TRANSACTION
control field 20231015030504.0
008 - FIXED-LENGTH DATA ELEMENTS--GENERAL INFORMATION
fixed length control field 710902r19711934nyu b 001 0 eng
010 ## - LIBRARY OF CONGRESS CONTROL NUMBER
LC control number 71156671
020 ## - INTERNATIONAL STANDARD BOOK NUMBER
International Standard Book Number 0836922816
040 ## - CATALOGING SOURCE
Original cataloging agency DLC
Transcribing agency DLC
Modifying agency DLC
-- BDDh-ASL
050 00 - LIBRARY OF CONGRESS CALL NUMBER
Classification number BL80
Item number .K43 1971
082 00 - DEWEY DECIMAL CLASSIFICATION NUMBER
Classification number 291
Item number KES
100 1# - MAIN ENTRY--PERSONAL NAME
Personal name Kellett, E. E.
Fuller form of name (Ernest Edward),
Dates associated with a name 1864-1950.
245 12 - TITLE STATEMENT
Title A short history of religions /
260 ## - PUBLICATION, DISTRIBUTION, ETC.
Place of publication, distribution, etc. Freeport, N.Y. :
Name of publisher, distributor, etc. Books for Libraries Press
Date of publication, distribution, etc. [1971]
300 ## - PHYSICAL DESCRIPTION
Extent 602 p. :
Dimensions 23 cm.
490 0# - SERIES STATEMENT
Series statement Essay index reprint series
500 ## - GENERAL NOTE
General note Reprint of the 1934 ed.
504 ## - BIBLIOGRAPHY, ETC. NOTE
Bibliography, etc. note Includes bibliographical references.
650 #0 - SUBJECT ADDED ENTRY--TOPICAL TERM
Topical term or geographic name entry element Religions
General subdivision History.
906 ## - LOCAL DATA ELEMENT F, LDF (RLIN)
a 7
b cbc
c orignew
d 2
e ncip
f 19
g y-gencatlg
942 ## - ADDED ENTRY ELEMENTS (KOHA)
Source of classification or shelving scheme Dewey Decimal Classification
Koha item type Books
Holdings
Withdrawn status Lost status Source of classification or shelving scheme Damaged status Not for loan Collection code Home library Current library Shelving location Date acquired Source of acquisition Total Checkouts Full call number Barcode Date last seen Copy number Price effective from Koha item type
    Dewey Decimal Classification     Non-fiction Asiatic Society Library Asiatic Society Library Sirajul Islam Collection 07/16/2021 Donated by Professor Sirajul Islam, FRHS   291 KES 110231 07/16/2021 C-1 07/16/2021 Books

Powered by Koha